[Event "9th Amplico Life Rapid"]
[Site "Warsaw POL"]
[Date "2009.12.19"]
[Round "7"]
[White "Sieciechowicz,M"]
[Black "Olszewski,Mi"]
[Result "0-1"]
[WhiteElo "2386"]
[BlackElo "2541"]
[EventDate "2009.12.19"]

1. d4 Nf6 2. c4 g6 3. Nc3 d5 4. cxd5 Nxd5 5. Bd2 Bg7 6. e4 Nb6 7. Be3 O-O
8. Be2 Nc6 9. Nf3 Bg4 10. d5 Bxf3 11. gxf3 Na5 12. Bd4 c5 13. Bxg7 Kxg7 14.
Rc1 e6 15. b4 cxb4 16. Qd4+ Kg8 17. Qxb4 Nd7 18. Rd1 b6 19. Bb5 Nc5 20.
dxe6 Qg5 21. exf7+ Rxf7 22. Be2 Nc6 23. Qb2 Ne5 24. Kf1 Qh4 25. h3 Raf8 26.
Qc2 Ne6 27. Rd2 Nxf3 28. Bxf3 Rxf3 29. Rh2 Rxh3 30. Rxh3 Qxh3+ 31. Ke1 Qh1+
32. Ke2 Qf3+ 33. Ke1 Nf4 34. Rd7 Rc8 35. Nd5 Qh1+ 0-1

[Event "9th Amplico Life Rapid"]
[Site "Warsaw POL"]
[Date "2009.12.19"]
[Round "7"]
[White "Vovk,A"]
[Black "Solys,L"]
[Result "1-0"]
[WhiteElo "2512"]
[BlackElo "2303"]
[EventDate "2009.12.19"]

1. e4 e5 2. Nf3 Nc6 3. Bb5 a6 4. Ba4 Nf6 5. d3 d6 6. O-O b5 7. Bb3 Na5 8.
Re1 Nxb3 9. axb3 Bb7 10. Nbd2 g6 11. b4 Bg7 12. Nb3 Rb8 13. Bg5 h6 14. Bh4
O-O 15. c3 Qe7 16. Rc1 Rfe8 17. Na5 Ba8 18. c4 Qd7 19. Bxf6 Bxf6 20. Qd2
Bg7 21. b3 Bf8 22. Qc3 bxc4 23. bxc4 d5 24. c5 d4 25. Qd2 Bc6 26. Nc4 Bg7
27. Ra1 Bb5 28. Na3 f5 29. Nxb5 Qxb5 30. Nh4 Qxb4 31. Qa2+ Qb3 32. Qxa6 Re6
33. Qa5 fxe4 34. dxe4 c6 35. Nf3 Kh7 36. Nd2 Qb4 37. Qxb4 Rxb4 38. Ra7 g5
39. h3 h5 40. Rc1 Kg6 41. Rd7 Bf8 42. Nf1 Rb5 43. Ng3 Rxc5 44. Ra1 Rd6 45.
Rxd6+ Bxd6 46. Nf5 Bb8 47. Kf1 Rc2 48. Ra8 Bc7 49. Ra7 Bb6 50. Ra6 Rb2 51.
Ne7+ Kf7 52. Nxc6 d3 53. Nxe5+ Ke8 1-0

[Event "9th Amplico Life Rapid"]
[Site "Warsaw POL"]
[Date "2009.12.19"]
[Round "7"]
[White "Bartel,Mat"]
[Black "Lubczynski,R"]
[Result "1-0"]
[WhiteElo "2618"]
[BlackElo "2428"]
[EventDate "2009.12.19"]

1. e4 d6 2. f4 Nf6 3. Nc3 Bg4 4. Nf3 e6 5. h3 Bxf3 6. Qxf3 d5 7. d3 Nc6 8.
e5 Nd7 9. Ne2 Nb4 10. Kd1 c5 11. g4 h5 12. gxh5 Qh4 13. Ng3 f6 14. Qg4
Qxg4+ 15. hxg4 fxe5 16. c3 Nc6 17. Bg2 Bd6 18. f5 Nf6 19. g5 Ng4 20. Rh4 e4
21. Rxg4 Ne5 22. Bf4 Nxg4 23. Bxd6 Nf2+ 24. Ke2 Nxd3 25. fxe6 O-O-O 26. Nf5
Rxd6 27. Nxd6+ Kc7 28. Nf5 Nf4+ 29. Kf2 Nxg2 30. e7 Nf4 31. Nxg7 1-0

[Event "9th Amplico Life Rapid"]
[Site "Warsaw POL"]
[Date "2009.12.19"]
[Round "7"]
[White "Repkova,E"]
[Black "Kempinski,R"]
[Result "0-1"]
[WhiteElo "2434"]
[BlackElo "2617"]
[EventDate "2009.12.19"]

1. e4 c5 2. b3 d6 3. Bb2 Nf6 4. Nc3 e6 5. f4 Be7 6. Nf3 O-O 7. Be2 Nc6 8.
O-O d5 9. e5 Ng4 10. a3 Nh6 11. Bd3 a6 12. Ne2 b5 13. c4 dxc4 14. Be4 Bb7
15. bxc4 bxc4 16. Rb1 Nf5 17. Bc3 Qc7 18. Qa4 Rac8 19. Qxc4 Ba8 20. Qxa6
Ncd4 21. Bxf5 Nxf3+ 22. gxf3 exf5 23. e6 Qd8 24. Ng3 Qd5 25. Rbe1 f6 26.
Re3 Bb7 27. Qe2 Rfd8 28. Kg2 Rc6 29. Rb1 Ba6 30. Qe1 Bc8 31. Nh5 Rxe6 32.
Qg3 g6 33. Rxe6 Bxe6 34. Nxf6+ Bxf6 35. Bxf6 Qxd2+ 36. Kh3 Qd3 37. Rb7 Rd7
38. Rb8+ Kf7 39. Be5 Bd5 40. Rh8 Ke6 41. Re8+ Re7 42. Rd8 Qxf3 43. Rd6+ Kf7
44. Qxf3 Bxf3 45. Rc6 Bxc6 0-1

[Event "9th Amplico Life Rapid"]
[Site "Warsaw POL"]
[Date "2009.12.19"]
[Round "7"]
[White "Kuraszkiewicz,M"]
[Black "Dziuba,M"]
[Result "0-1"]
[WhiteElo "2299"]
[BlackElo "2573"]
[EventDate "2009.12.19"]

1. d4 Nf6 2. c4 g6 3. Nc3 Bg7 4. e4 d6 5. h3 O-O 6. Bg5 Na6 7. Nf3 e5 8. d5
Nc5 9. b4 Ncd7 10. Bd3 h6 11. Be3 Nh5 12. O-O Nf4 13. Re1 a5 14. bxa5 Rxa5
15. Bf1 Nc5 16. Nb5 b6 17. Nd2 Ra8 18. Nb3 Na4 19. Kh2 Kh7 20. Bd2 Nh5 21.
Na5 Nc5 22. Nc6 Qd7 23. a4 Bb7 24. Nba7 f5 25. exf5 Qxf5 26. f3 Qf7 27. a5
e4 28. Ra3 bxa5 29. fxe4 Rxa7 30. Nxa7 Be5+ 31. Kh1 Ng3+ 32. Kg1 Qf2+ 0-1

[Event "9th Amplico Life Rapid"]
[Site "Warsaw POL"]
[Date "2009.12.19"]
[Round "7"]
[White "Gdanski,J"]
[Black "Michna,Mart"]
[Result "1/2-1/2"]
[WhiteElo "2509"]
[BlackElo "2366"]
[EventDate "2009.12.19"]

1. Nf3 Nf6 2. c4 e6 3. g3 b6 4. Bg2 Bb7 5. O-O Be7 6. Nc3 O-O 7. Re1 c5 8.
e4 d6 9. d4 Nbd7 10. e5 Ng4 11. exd6 Bxd6 12. Bg5 Bxf3 13. Bxd8 Bxd1 14.
Bxa8 Rxd8 15. Be4 f5 16. Raxd1 fxe4 17. Nxe4 Be7 18. dxc5 bxc5 19. Kg2 Nge5
20. b3 Nc6 21. Nd6 Nd4 22. Nb5 Nxb5 23. cxb5 Nf8 24. a4 Kf7 25. f4 Bf6 26.
Rxd8 Bxd8 27. Kf3 Nd7 28. g4 Ba5 29. Rc1 Ke7 30. g5 Bb4 31. h4 Nb6 32. Ke4
Nd5 33. Rc2 Kd6 34. h5 Be1 35. Rc1 Bd2 36. Rf1 g6 37. hxg6 hxg6 38. Rf3 Bc1
39. Rf2 Be3 40. Rf3 Bd2 41. Rf1 Ke7 42. Rf2 Be3 43. Rh2 Bxf4 44. Rh7+ Kd6
45. a5 Bxg5 46. Rxa7 Nc3+ 47. Kd3 Nxb5 48. Rg7 Bd8 49. a6 Bb6 50. Rxg6 Nc7
51. Kc4 Kc6 1/2-1/2

[Event "9th Amplico Life Rapid"]
[Site "Warsaw POL"]
[Date "2009.12.19"]
[Round "7"]
[White "Aleksandrov,A"]
[Black "Sakalauskas,V"]
[Result "1-0"]
[WhiteElo "2617"]
[BlackElo "2418"]
[EventDate "2009.12.19"]

1. d4 Nf6 2. c4 g6 3. Nc3 d5 4. Qb3 Bg7 5. e4 dxc4 6. Qxc4 O-O 7. Be2 Nc6
8. Nf3 Nd7 9. Be3 Nb6 10. Qd3 f5 11. Rd1 f4 12. Bc1 Bg4 13. e5 Nb4 14. Qd2
Bxf3 15. Bxf3 c6 16. a3 N4d5 17. Ne4 e6 18. Nc5 Qe7 19. Bg4 Bxe5 20. O-O f3
21. g3 Nf4 22. Bxf3 Rad8 23. Qe3 Nc4 24. Qe4 Nh3+ 25. Kg2 Bxd4 26. Qxe6+
Qxe6 27. Nxe6 Nxf2 28. Rxf2 Bxf2 29. Rxd8 Rxd8 30. Nxd8 Bd4 31. Nxb7 Nxb2
32. Bxc6 Nd3 33. Bd2 Ne5 34. Bd5+ Kg7 35. Nd6 Nd3 36. Ne4 1-0

[Event "9th Amplico Life Rapid"]
[Site "Warsaw POL"]
[Date "2009.12.19"]
[Round "7"]
[White "Beinoras,M"]
[Black "Zhigalko,A"]
[Result "1/2-1/2"]
[WhiteElo "2384"]
[BlackElo "2600"]
[EventDate "2009.12.19"]

1. d4 Nf6 2. c4 e6 3. Nf3 b6 4. g3 Ba6 5. Nbd2 Bb4 6. Qc2 O-O 7. Bg2 d5 8.
O-O c5 9. dxc5 Bxc5 10. a3 Nbd7 11. cxd5 exd5 12. Nb3 Re8 13. Re1 Rc8 14.
Nxc5 bxc5 15. Bf4 h6 16. b4 d4 17. bxc5 Nxc5 18. Qb2 d3 19. exd3 Nxd3 20.
Rxe8+ Qxe8 21. Qd4 Ng4 22. Qxa7 Ra8 23. Qb6 Ngxf2 24. Be3 Rb8 25. Qa7 Ra8
26. Qb6 Rb8 27. Qa7 Ng4 28. Bd4 Rd8 29. h3 Ra8 30. Qb6 Nf6 31. Bxf6 gxf6
32. Kh2 Qd8 33. Qc6 Ra7 34. Rd1 Qe7 35. Qc3 Rc7 36. Qa5 Rc2 37. Rd2 Rxd2
38. Qxd2 Qxa3 39. Qxh6 Qb2 40. Qd2 1/2-1/2

[Event "9th Amplico Life Rapid"]
[Site "Warsaw POL"]
[Date "2009.12.19"]
[Round "7"]
[White "Moranda,W"]
[Black "Nedilko,V"]
[Result "1-0"]
[WhiteElo "2579"]
[BlackElo "2400"]
[EventDate "2009.12.19"]

1. d4 Nf6 2. c4 g6 3. Nc3 d5 4. cxd5 Nxd5 5. e4 Nxc3 6. bxc3 c5 7. Bc4 Nc6
8. Be3 Bg7 9. Rb1 Qc7 10. Ne2 O-O 11. O-O Bd7 12. Nf4 Rad8 13. Nd5 Qc8 14.
Bb5 Rfe8 15. Bg5 cxd4 16. cxd4 Nxd4 17. Nxe7+ Rxe7 18. Bxe7 Bxb5 19. Rxb5
Re8 20. Rc5 Qe6 21. Bg5 Qxa2 22. Be3 Ne6 23. Rc2 Qa6 24. Qd7 Rf8 25. Rc8 b6
26. Rfc1 Nc5 27. Rxf8+ Bxf8 28. Qe8 Qd3 29. Bxc5 bxc5 30. Qa4 Bh6 31. Rd1
Qe2 32. g3 c4 33. Qe8+ Bf8 34. Rd8 Qe1+ 35. Kg2 Qb4 36. Rd7 1-0

[Event "9th Amplico Life Rapid"]
[Site "Warsaw POL"]
[Date "2009.12.19"]
[Round "7"]
[White "Warakomski,T"]
[Black "Grossmann,R"]
[Result "1-0"]
[WhiteElo "2485"]
[BlackElo "2172"]
[EventDate "2009.12.19"]

1. e4 c6 2. d4 d5 3. Nd2 dxe4 4. Nxe4 Bf5 5. Ng3 Bg6 6. Bc4 e6 7. h4 h6 8.
N1e2 Bd6 9. Nf4 Bxf4 10. Bxf4 Nf6 11. Qe2 O-O 12. O-O-O Re8 13. h5 Bh7 14.
Bd3 Nbd7 15. Bxh7+ Kxh7 16. Kb1 b5 17. Ne4 Nd5 18. Bc1 N7f6 19. f3 e5 20.
c4 bxc4 21. Qxc4 Rc8 22. g4 Qe7 23. g5 Nd7 24. Qc2 Kh8 25. gxh6 gxh6 26.
Bxh6 Rg8 27. Bc1 f5 28. Nc3 Qf6 29. dxe5 Nxe5 30. Nxd5 cxd5 31. Qf2 Nc4 32.
Qd4 Qxd4 33. Rxd4 Nb6 34. Bf4 Rg2 35. Rd2 Rxd2 36. Bxd2 Rg8 37. b3 Rg2 38.
Kc2 Rf2 39. Rh3 d4 40. Kd3 Nd5 41. a4 Kh7 42. h6 f4 43. Be1 Rb2 44. Kxd4
Ne3 45. Kc3 Rc2+ 46. Kb4 Nd5+ 47. Kb5 Nc7+ 48. Ka5 Rc5+ 49. Kb4 Re5 50. Bd2
a5+ 51. Kc4 Ne6 52. b4 axb4 53. Kxb4 Ng5 54. Bxf4 Nxh3 55. Bxe5 Kxh6 56. a5
Nf2 57. Kc4 Nd3 58. Kxd3 1-0

[Event "9th Amplico Life Rapid"]
[Site "Warsaw POL"]
[Date "2009.12.19"]
[Round "7"]
[White "Kolosowski,M"]
[Black "Neiksans,A"]
[Result "0-1"]
[WhiteElo "2273"]
[BlackElo "2487"]
[EventDate "2009.12.19"]

1. b3 d5 2. Bb2 c5 3. e3 Nf6 4. f4 g6 5. Nf3 Bg7 6. Bb5+ Nbd7 7. O-O O-O 8.
Qe1 Qc7 9. Qh4 a6 10. Be2 d4 11. Bd3 Nd5 12. f5 Ne5 13. exd4 Nxd3 14. fxg6
fxg6 15. cxd3 Nf4 16. Nc3 h6 17. Rae1 g5 18. Nxg5 hxg5 19. Qxg5 Rf5 20.
Qxe7 Qxe7 21. Rxe7 Nxd3 22. Rxf5 Bxf5 23. Ba3 Bxd4+ 24. Kf1 Bg4 0-1

[Event "9th Amplico Life Rapid"]
[Site "Warsaw POL"]
[Date "2009.12.19"]
[Round "7"]
[White "Kravtsiv,M"]
[Black "Krzyzanowski,M"]
[Result "1-0"]
[WhiteElo "2543"]
[BlackElo "2333"]
[EventDate "2009.12.19"]

1. e4 c5 2. Nf3 d6 3. d4 cxd4 4. Nxd4 Nf6 5. Nc3 a6 6. Bc4 e6 7. O-O Nbd7
8. Bxe6 fxe6 9. Nxe6 Qb6 10. Nd5 Nxd5 11. exd5 Nc5 12. Nxf8 Rxf8 13. Qh5+
Kd7 14. Qxh7 Qd8 15. Qxg7+ Qe7 16. Qd4 Kc7 17. Bf4 Ne4 18. Be3 Nc5 19. b4
Nd7 20. c4 Qe5 21. Qd2 Nf6 22. f3 Rg8 23. Bf4 Qf5 24. Qd4 Kd7 25. c5 dxc5
26. bxc5 Nh5 27. c6+ Ke7 28. Rae1+ Kf7 29. Bd6 bxc6 30. Re7+ Kg6 31. dxc6
Qf6 32. Qc5 Nf4 33. Qc4 Rf8 34. Qe4+ Kg5 35. Bxf4+ Qxf4 36. Rg7+ Kf6 37.
Qxf4+ Kxg7 38. Qe5+ Kg8 39. Qg5+ Kh7 40. Re1 Ra7 41. Re7+ Rxe7 42. Qxe7+
Kg8 43. c7 Rf7 44. Qe8+ Rf8 45. Qg6+ Kh8 46. h4 1-0

[Event "9th Amplico Life Rapid"]
[Site "Warsaw POL"]
[Date "2009.12.19"]
[Round "8"]
[White "Fridman,D2"]
[Black "Moranda,W"]
[Result "1/2-1/2"]
[WhiteElo "2649"]
[BlackElo "2579"]
[EventDate "2009.12.19"]

1. d4 Nf6 2. c4 e6 3. Nf3 b6 4. g3 Ba6 5. b3 Bb7 6. Bg2 Bb4+ 7. Bd2 a5 8.
O-O O-O 9. Bg5 h6 10. Bxf6 Qxf6 11. a3 Be7 12. Nc3 d6 13. e4 e5 14. Nd5
Bxd5 15. cxd5 c6 16. Re1 Re8 17. Rc1 cxd5 18. exd5 Bf8 19. Qd3 Ra7 20. Qb5
Nd7 21. dxe5 dxe5 22. Rc6 Qd8 23. b4 axb4 24. axb4 Ra2 25. Rec1 Nf6 26. Nh4
e4 27. d6 Rd2 28. Nf5 Rd5 29. Ne7+ Bxe7 30. dxe7 Rxb5 31. exd8=Q Rxd8 32.
R6c4 Re5 33. Kf1 Rd2 34. R1c2 Rd1+ 35. Ke2 Rg1 36. Bf1 Rh1 37. h3 Rh2 38.
Ke3 Rf5 39. f4 Rxc2 40. Rxc2 g5 41. Be2 Kg7 42. fxg5 hxg5 43. Rc6 Re5 44.
Rxb6 Re8 45. Rd6 Rb8 46. Rd4 Rh8 47. Bf1 Nh5 48. g4 Ng3 49. Bg2 f5 50. Rd7+
Kf6 51. gxf5 Nxf5+ 52. Ke2 Rb8 53. Bxe4 1/2-1/2

[Event "9th Amplico Life Rapid"]
[Site "Warsaw POL"]
[Date "2009.12.19"]
[Round "8"]
[White "Zubov,A UKR"]
[Black "Markowski,T"]
[Result "1/2-1/2"]
[WhiteElo "2581"]
[BlackElo "2629"]
[EventDate "2009.12.19"]

1. d4 d6 2. e4 Nf6 3. Nc3 g6 4. g3 Bg7 5. Bg2 O-O 6. Nge2 e5 7. h3 b6 8.
O-O Bb7 9. Be3 exd4 10. Nxd4 Re8 11. Bg5 h6 12. Bxf6 Bxf6 13. Nd5 Bg7 14.
c3 a6 15. Re1 Nd7 16. Qc2 c5 17. Ne2 Bxd5 18. exd5 b5 19. Nf4 Rxe1+ 20.
Rxe1 Ne5 21. Nd3 Nxd3 22. Qxd3 Qd7 23. Qe3 Kf8 24. h4 h5 25. Kh2 Rb8 26.
Re2 Qd8 27. Qf4 Qf6 28. Qxf6 Bxf6 29. Bh3 b4 30. cxb4 Rxb4 31. b3 Rd4 32.
Bg2 a5 33. Rc2 a4 34. bxa4 Rxa4 35. Bf1 Bd4 36. Bc4 Kg7 37. Kg2 Ra7 38. Re2
Kf6 39. Re4 Ra4 40. Bb3 Ra7 41. Kf3 Rc7 42. Ke2 Rb7 43. Kf3 Rb4 44. Ke2 Kg7
45. f4 Kf8 46. f5 gxf5 47. Rf4 Be5 48. Rxb4 cxb4 49. Kf2 Kg7 50. Bd1 Kg6
51. Bc2 Bc3 52. Kf3 Kf6 53. Ba4 Bd2 54. Be8 Bc1 55. Ba4 Bd2 56. Be8 Be1 57.
Ba4 Ke5 58. Be8 f4 59. gxf4+ Kf6 60. Ke4 Bxh4 61. Bd7 Be1 62. Bc8 Bd2 63.
Kf3 Ke7 64. Bf5 Kd8 65. Bh7 Kc7 66. Bg8 f6 67. Bf7 h4 68. Bg6 Kb6 69. Bc2
Kc5 70. Bb3 f5 71. Bc2 Kxd5 72. Bxf5 Bc3 73. Ke3 Bg7 74. Bg4 Bh6 75. Bh3
Kc4 76. Be6+ d5 77. Kf3 Bg7 78. Ke3 Bf6 79. Kf3 Kd4 80. Bf7 Bd8 81. Be6 Bc7
82. Bf7 Kc5 83. Be6 Bd8 84. Bf7 Bf6 85. Be6 Kd6 86. Bf7 Bc3 87. Bg8 Be1 88.
Kg4 Bf2 89. Bf7 Be1 90. Bg8 d4 91. Bc4 Ke7 92. Bd3 Kf6 93. Kf3 h3 94. Be4
Bd2 95. Kg3 h2 96. Kxh2 Bxf4+ 97. Kg2 1/2-1/2

[Event "9th Amplico Life Rapid"]
[Site "Warsaw POL"]
[Date "2009.12.19"]
[Round "8"]
[White "Leniart,A"]
[Black "Jaroch,K"]
[Result "1/2-1/2"]
[WhiteElo "2439"]
[BlackElo "2242"]
[EventDate "2009.12.19"]

1. e4 d5 2. exd5 Qxd5 3. d4 e5 4. dxe5 Qxe5+ 5. Be2 Bg4 6. h3 Bh5 7. Nd2
Nc6 8. Ngf3 Qc5 9. Nb3 Qd6 10. O-O O-O-O 11. Qe1 Nb4 12. Bg5 Nxc2 13. Qa5
Nxa1 14. Bxd8 Qxd8 15. Qxh5 Nxb3 16. axb3 Bd6 17. Ra1 a6 18. Qxf7 Qe7 19.
Qf5+ Qd7 20. Qa5 Ne7 21. Ne5 Bxe5 22. Bg4 Nf5 23. Qxe5 Rf8 24. Rd1 Qf7 25.
b4 h5 26. Bf3 Nd6 27. Qc5 Kb8 28. Bxh5 Qf4 29. Bf3 Rf5 30. Qd4 Qg5 31. Bg4
Rf4 32. Qc5 Qf6 33. b3 Ne4 34. Qd4 Nxf2 35. Qxf6 Rxf6 36. Rd8+ Ka7 37. Bf3
Nxh3+ 38. Kh2 Ng5 39. Kg3 Nxf3 40. gxf3 Kb6 41. Rd7 g6 42. f4 Rc6 43. Kg4
Kb5 44. Rd4 Rd6 45. Re4 b6 46. Kg5 c5 47. bxc5 Kxc5 48. Re8 Kb4 49. Rg8 a5
50. Rxg6 Rxg6+ 51. Kxg6 Kxb3 52. f5 a4 53. f6 a3 54. f7 a2 55. f8=Q a1=Q
56. Qf7+ Kb4 57. Qe7+ Kb5 58. Qe8+ Kb4 1/2-1/2

[Event "9th Amplico Life Rapid"]
[Site "Warsaw POL"]
[Date "2009.12.19"]
[Round "8"]
[White "Manik,M"]
[Black "Kudzma,L"]
[Result "1-0"]
[WhiteElo "2435"]
[BlackElo "2236"]
[EventDate "2009.12.19"]

1. e4 c5 2. Nf3 Nf6 3. Nc3 d5 4. exd5 Nxd5 5. Bb5+ Bd7 6. Ne5 Bxb5 7. Qf3
f6 8. Nxb5 fxe5 9. Qxd5 Qxd5 10. Nc7+ Kd7 11. Nxd5 Nc6 12. d3 g6 13. Bd2
Bg7 14. Nc3 Rac8 15. O-O Nd4 16. Rac1 c4 17. Rfe1 cxd3 18. cxd3 Rc6 19. Be3
Rhc8 20. Rcd1 b5 21. Kf1 Ra6 22. a3 b4 23. axb4 Nc2 24. Re2 Nxb4 25. d4
exd4 26. Bxd4 Rac6 1-0

[Event "9th Amplico Life Rapid"]
[Site "Warsaw POL"]
[Date "2009.12.19"]
[Round "8"]
[White "Pitl,G"]
[Black "Tamosaitis,R"]
[Result "1-0"]
[WhiteElo "2420"]
[BlackElo "2214"]
[EventDate "2009.12.19"]

1. d4 Nf6 2. c4 e5 3. dxe5 Ng4 4. Bf4 Nc6 5. Nf3 Bb4+ 6. Nbd2 Qe7 7. e3
Ngxe5 8. Nxe5 Nxe5 9. Be2 O-O 10. O-O Bxd2 11. Qxd2 d6 12. Rac1 b6 13. b4
Bb7 14. c5 dxc5 15. bxc5 Rad8 16. Qc3 Ng6 17. Bg3 Nh4 18. c6 Bc8 19. Qe5
Ng6 20. Qxc7 Qa3 21. Bc4 Ba6 22. Qxa7 Ra8 23. Qxb6 Bxc4 24. Rxc4 Qxa2 25.
Rcc1 h6 26. Rfd1 Qe6 27. Qc5 Rac8 28. c7 Rfe8 29. Rb1 Kh7 30. Rb8 Qg4 31.
f3 Qa4 32. Qd4 Qa3 33. h3 f6 34. Qd3 Qc5 35. Qd4 Qg5 36. Kh2 Ne5 37. Rxc8
Rxc8 38. f4 Qh5 39. fxe5 Rxc7 40. exf6 Rc2 41. Qd3+ 1-0

[Event "9th Amplico Life Rapid"]
[Site "Warsaw POL"]
[Date "2009.12.19"]
[Round "8"]
[White "Grabarczyk,M"]
[Black "Dragun,K"]
[Result "1/2-1/2"]
[WhiteElo "2475"]
[BlackElo "2284"]
[EventDate "2009.12.19"]

1. d4 Nf6 2. c4 c5 3. d5 b5 4. cxb5 a6 5. b6 d6 6. Nc3 Nbd7 7. Nf3 Nxb6 8.
a4 a5 9. e4 g6 10. Bb5+ Bd7 11. Be2 Bg7 12. O-O O-O 13. e5 Ne8 14. Bf4 Bg4
15. Re1 Nc7 16. h3 Bxf3 17. Bxf3 Nc4 18. exd6 exd6 19. Qc2 Qf6 20. Ne4 Qxf4
21. Qxc4 Be5 22. Ra3 Rab8 23. g3 Qh6 24. Rb3 Qxh3 25. Bg2 Qd7 26. Nxc5 Qf5
27. Rf3 Qc8 28. Nd3 Bg7 29. Rc1 Na8 30. Qxc8 Rfxc8 31. Rc6 Nb6 32. Rf4 Nd7
33. b4 Ne5 34. Nxe5 Bxe5 35. Rfc4 Rxc6 36. dxc6 d5 37. Bxd5 axb4 38. Rc5
Bc7 39. Bb3 Kf8 40. Kg2 Ke7 41. Rd5 Rd8 42. Rxd8 Bxd8 43. f4 f6 44. Bg8 h6
45. Kf3 Kd6 46. Bh7 Kxc6 47. Bxg6 b3 48. Kg4 Ba5 49. Kf5 Bc3 50. Bf7 b2 51.
Ba2 h5 52. Kg6 Be1 53. Kxf6 Bxg3 54. Kg5 h4 55. Kg4 Bf2 56. f5 Bd4 1/2-1/2

[Event "9th Amplico Life Rapid"]
[Site "Warsaw POL"]
[Date "2009.12.19"]
[Round "8"]
[White "Olszewski,Mi"]
[Black "Szczepkowska Horowska,K"]
[Result "0-1"]
[WhiteElo "2541"]
[BlackElo "2324"]
[EventDate "2009.12.19"]

1. d4 Nf6 2. c4 d6 3. Nf3 Nbd7 4. Nc3 e5 5. g3 Be7 6. Bg2 O-O 7. O-O c6 8.
e4 a6 9. Re1 Re8 10. h3 Bf8 11. b3 b5 12. cxb5 cxb5 13. Be3 Bb7 14. Nh2 Rc8
15. Qd3 Qa5 16. Rac1 b4 17. Na4 Rxc1 18. Bxc1 d5 19. exd5 Bxd5 20. Bb2 Bxg2
21. Kxg2 e4 22. Qd2 Qd5 23. Kg1 Ne5 24. Nb6 Qd8 25. Nc4 Nd3 26. Re2 Nd5 27.
Ba1 Qc8 28. Ng4 f6 29. Kg2 Qf5 30. Nce3 Qf3+ 31. Kg1 Rc8 32. Nh2 Qh5 33.
Nxd5 Rc1+ 34. Nf1 Qxh3 35. Nde3 Rxa1 36. Qc2 Rc1 37. Qd2 h5 38. Ng2 Rxf1+
0-1

[Event "9th Amplico Life Rapid"]
[Site "Warsaw POL"]
[Date "2009.12.19"]
[Round "8"]
[White "Schmidt,Wl"]
[Black "Muzychuk,A"]
[Result "1/2-1/2"]
[WhiteElo "2395"]
[BlackElo "2532"]
[EventDate "2009.12.19"]

1. d4 Nf6 2. c4 e6 3. Nc3 Bb4 4. Qc2 O-O 5. a3 Bxc3+ 6. Qxc3 b6 7. Bg5 Bb7
8. e3 h6 9. Bh4 d6 10. Ne2 Nbd7 11. Qd3 Qe7 12. Nc3 c5 13. d5 Ne5 14. Qd2
exd5 15. Nxd5 Bxd5 16. cxd5 g5 17. Bg3 Ne4 18. Qc2 f5 19. Be2 Ng6 20. Bh5
Kh7 21. O-O-O b5 22. Rhe1 c4 23. f3 Nc5 24. e4 fxe4 25. Bxg6+ Kxg6 26. Kb1
Kg7 27. fxe4 Nd3 28. Rxd3 cxd3 29. Qxd3 Qf6 30. Qxb5 Rab8 31. Qe2 Rb3 32.
Rc1 Rfb8 33. Rc2 Qd4 34. Bxd6 R8b5 35. Bb4 Rd3 36. Rc7+ Kg6 37. Rc6+ Kh7
38. Qh5 Qg7 39. d6 Rb7 40. Qg4 Qf7 41. e5 Re3 42. Rc7 Rxc7 43. dxc7 Qxc7
44. Qf5+ Kg8 45. e6 Qh7 46. Qxh7+ Kxh7 47. e7 a6 48. Kc2 Kg6 49. Kd2 Re6
50. g4 Kf7 51. Kd3 Ke8 52. Bc5 Kd7 53. b4 Re1 54. a4 Rh1 55. b5 axb5 56.
axb5 Rxh2 57. b6 Rb2 58. Kc4 Rxb6 59. Bxb6 Kxe7 60. Kd5 Kf7 61. Ke4 1/2-1/2

[Event "9th Amplico Life Rapid"]
[Site "Warsaw POL"]
[Date "2009.12.19"]
[Round "8"]
[White "Skawinski,A"]
[Black "Rutkowski,M"]
[Result "1/2-1/2"]
[WhiteElo "2206"]
[BlackElo "2405"]
[EventDate "2009.12.19"]

1. e4 c5 2. c3 d5 3. exd5 Qxd5 4. d4 g6 5. Be3 cxd4 6. Qxd4 Nf6 7. Na3 Nc6
8. Qh4 Bg7 9. Nb5 Qd8 10. Rd1 Bd7 11. Nf3 O-O 12. Bc4 a6 13. Nbd4 Nxd4 14.
Bxd4 Qc8 15. Bb3 Bg4 16. Rd3 Qf5 17. Ne5 Qe4+ 18. Kd2 Qf4+ 19. Re3 Qh6 20.
Qxh6 Bxh6 21. h3 Bf5 22. g4 Be4 23. Rg1 Bxe3+ 24. Kxe3 Bc6 25. g5 Nd5+ 26.
Bxd5 Bxd5 27. Ng4 Rfd8 28. h4 Be6 29. Nh6+ Kf8 30. f4 Rd5 31. a3 Ke8 32. h5
Kd8 33. hxg6 hxg6 34. b4 Kc7 35. f5 gxf5 36. g6 fxg6 37. Rxg6 Bd7 38. Bb6+
Kb8 39. Rg8+ Bc8 40. Nf7 Rb5 41. Bd4 Rd5 42. c4 Rxd4 43. Kxd4 Ka7 44. Ke5
Bd7 45. Rxa8+ Kxa8 46. Nh6 e6 47. Kd6 Ba4 1/2-1/2

[Event "9th Amplico Life Rapid"]
[Site "Warsaw POL"]
[Date "2009.12.19"]
[Round "8"]
[White "Czarnota,P"]
[Black "Peterson,Er"]
[Result "1/2-1/2"]
[WhiteElo "2528"]
[BlackElo "2242"]
[EventDate "2009.12.19"]

1. e4 e6 2. d4 d5 3. Nd2 c5 4. exd5 exd5 5. Ngf3 Nc6 6. Bb5 Bd6 7. dxc5
Bxc5 8. O-O Nge7 9. Nb3 Bd6 10. Bg5 O-O 11. Bh4 Qb6 12. Be2 a5 13. a4 Nf5
14. Bg3 Bxg3 15. hxg3 Nxg3 16. Re1 Ne4 17. Nfd4 Nxd4 18. Qxd4 Qxd4 19. Nxd4
Bd7 20. Bf3 Nf6 21. Re3 Rfc8 22. b3 Kf8 23. Rd1 Re8 24. Red3 Re5 25. g3
Rae8 26. Kg2 Bg4 27. Bxg4 Nxg4 28. Rc3 Rh5 29. Rf3 Ne5 30. Rf4 Ng6 31. Rf3
Ne5 32. Rc3 Ng4 33. Rf3 1/2-1/2

[Event "9th Amplico Life Rapid"]
[Site "Warsaw POL"]
[Date "2009.12.19"]
[Round "8"]
[White "Lewtak,Da"]
[Black "Gdanski,J"]
[Result "0-1"]
[WhiteElo "1939"]
[BlackElo "2509"]
[EventDate "2009.12.19"]

1. e4 e6 2. d4 d5 3. e5 c5 4. c3 Nc6 5. Nf3 Bd7 6. a3 Rc8 7. b4 cxd4 8.
cxd4 Nge7 9. Be2 Nf5 10. O-O Be7 11. Qd2 O-O 12. Rd1 f6 13. Bb2 Be8 14. Bc3
a6 15. a4 fxe5 16. Nxe5 Nxe5 17. dxe5 Qb6 18. a5 Qc7 19. Bd4 Bg6 20. Bg4
Qc2 21. Bc3 Qxd2 22. Bxd2 Rc4 23. Bxf5 Bxf5 24. Na3 Re4 25. f3 Rxe5 26. Kf2
d4 27. Rac1 d3 28. Re1 Rxe1 29. Kxe1 Bd6 30. g3 h6 31. Kf2 Bg4 32. f4 e5
33. Nc4 Bb8 34. Ne3 Be6 35. Ng2 Bd5 36. Rc3 Be4 37. Rc4 Bd5 38. Rc3 exf4
39. gxf4 Ba7+ 40. Be3 Bxe3+ 41. Nxe3 Rxf4+ 42. Ke1 Be4 43. Rc4 g5 44. Rd4
Kf7 45. Nc4 Ke6 46. Rd6+ Ke7 47. Rxh6 Rh4 48. Rxh4 gxh4 49. Kd2 Ke6 50. Ke3
Bg6 51. Kd4 Kf6 52. Nd2 Kg5 53. Ke3 Kg4 54. Nc4 Be8 55. Ne5+ Kh3 56. Nxd3
Kxh2 57. Kf2 Bc6 58. Nf4 Be4 59. Ke3 Bh1 60. Kf2 Bc6 61. Ng6 Kh3 62. Ne5
Be4 63. Ke3 Bh1 64. Kf2 Bc6 65. Nd3 Kg4 66. Ne5+ Kf5 67. Nc4 Ke4 0-1

[Event "9th Amplico Life Rapid"]
[Site "Warsaw POL"]
[Date "2009.12.19"]
[Round "8"]
[White "Michna,Mart"]
[Black "Gritsak,O"]
[Result "0-1"]
[WhiteElo "2366"]
[BlackElo "2521"]
[EventDate "2009.12.19"]

1. d4 Nf6 2. Nf3 e6 3. e3 c5 4. Nbd2 b6 5. Bd3 Bb7 6. O-O Nc6 7. a3 Be7 8.
b3 cxd4 9. exd4 O-O 10. Bb2 Rc8 11. Re1 Rc7 12. b4 d6 13. c4 a5 14. Qb3
axb4 15. axb4 Nb8 16. h3 Re8 17. Ra2 Nbd7 18. Raa1 Bf8 19. Bc3 g6 20. b5 d5
21. Bb4 dxc4 22. Bxc4 Bxb4 23. Qxb4 Nd5 24. Qb3 Qe7 25. Ne5 Rec8 26. Nc6
Bxc6 27. bxc6 N7f6 28. Ba6 Rd8 29. Bb7 Qb4 30. Qxb4 Nxb4 31. Ra8 Rxa8 32.
Bxa8 Nfd5 33. Rc1 Kf8 34. Kf1 Ke7 35. Bb7 Kd8 36. Ne4 Ne7 37. Nd6 Nexc6 38.
Bxc6 Rxc6 39. Nxf7+ Ke7 40. Rb1 Nd5 41. Ne5 Rc2 42. Ra1 g5 43. Ra7+ Rc7 44.
Ra8 Nf4 45. Ra1 h5 46. Rb1 Kf6 47. g3 Nd5 48. Ra1 h4 49. gxh4 gxh4 50. Nf3
Rc3 51. Ra8 b5 52. Ne5 Rxh3 53. Rf8+ Ke7 54. Rf7+ Ke8 55. Rh7 b4 56. Kg2
Nf4+ 57. Kg1 b3 58. Rb7 Rc3 59. Nf7 Ne2+ 60. Kh2 Nxd4 61. Nd6+ Kf8 62. Ne4
Rf3 63. Rb4 e5 64. Kg2 Rf4 65. Rb8+ Ke7 66. Nd2 h3+ 67. Kxh3 Rxf2 68. Ne4
Re2 69. Nc5 Kd6 70. Na4 Rc2 71. Kg3 Kd5 72. Nb6+ Ke4 73. Nd7 b2 74. Nf6+
Kd3 75. Nd5 Rc5 76. Nb4+ Kc4 0-1

[Event "9th Amplico Life Rapid"]
[Site "Warsaw POL"]
[Date "2009.12.19"]
[Round "8"]
[White "Macieja,B"]
[Black "Hrzica,R"]
[Result "1-0"]
[WhiteElo "2627"]
[BlackElo "2308"]
[EventDate "2009.12.19"]

1. e4 c6 2. d4 d5 3. Nc3 dxe4 4. Nxe4 Bf5 5. Ng3 Bg6 6. h4 h6 7. Nf3 Nd7 8.
h5 Bh7 9. Bd3 Bxd3 10. Qxd3 Ngf6 11. Bf4 Qa5+ 12. Bd2 Qc7 13. O-O-O O-O-O
14. Ne4 e6 15. g3 Nxe4 16. Qxe4 Nf6 17. Qe2 Bd6 18. c4 c5 19. Bc3 cxd4 20.
Nxd4 a6 21. Kb1 Qc5 22. f4 Bc7 23. b4 Qe7 24. a3 Kb8 25. Bb2 Rc8 26. Nf3
Rhd8 27. Ne5 Ne8 28. c5 Bxe5 29. Qxe5+ Ka8 30. f5 Nf6 31. Rd6 Rxd6 32. cxd6
Qd7 33. fxe6 fxe6 34. Re1 Rd8 35. Rd1 Ne8 36. g4 Qf7 37. Ka1 Qf3 38. Rd4
Qf7 39. Rd1 Qf3 40. Rd4 Qf7 41. Ka2 Qd7 42. Rd2 Qf7 43. Rd1 Qf3 44. Rd4 Qf7
45. a4 Qd7 46. b5 Nf6 47. bxa6 Nd5 48. axb7+ Kxb7 49. Rc4 Ka8 50. Qxg7 Qxd6
51. Qd4 Qa6 52. Rc5 Rb8 1-0